[Event "Quebec Montcalm op 1 2016-17"]
[Site "Quebec"]
[Date "2016.10.06"]
[Round "5"]
[White "Dube, Daniel"]
[Black "Lacerte, Kevin"]
[Result "1-0"]
[WhiteElo "1818"]
[BlackElo "1597"]
[PlyCount "25"]
[EventDate "2016.09.08"]
[EventType "swiss"]
[EventRounds "5"]
[EventCountry "CAN"]
[SourceTitle "EXT 2022"]
[Source "ChessBase"]
[SourceDate "2021.10.06"]
[SourceVersion "1"]
[SourceVersionDate "2021.10.06"]
[SourceQuality "1"]

1. e4 c5 2. Nf3 d6 3. d4 cxd4 4. Nxd4 Nf6 5. Nc3 a6 6. Bg5 e6 7. f4 b5 8. e5 dxe5 9. fxe5 Qc7 10. Nf3 Nfd7 11. Ne4 Nxe5 12. Nxe5 Qxe5 13. Qd8# 1-0

[Event "Quebec Khalif"]
[Site "Quebec"]
[Date "2016.04.25"]
[Round "5"]
[White "Lacerte, Kevin"]
[Black "Leblanc Legault, Mathieu"]
[Result "1-0"]
[WhiteElo "1502"]
[BlackElo "1632"]
[PlyCount "37"]
[EventDate "2016.03.21"]
[EventType "tourn"]
[EventRounds "5"]
[EventCountry "CAN"]
[SourceTitle "EXT 2022"]
[Source "ChessBase"]
[SourceDate "2021.10.06"]
[SourceVersion "1"]
[SourceVersionDate "2021.10.06"]
[SourceQuality "1"]

1. e4 e6 2. Nf3 a6 3. d4 d5 4. Nc3 Nf6 5. e5 Nfd7 6. Bd3 c5 7. 0-0 Nc6 8. dxc5 Bxc5 9. Re1 0-0 10. Bxh7+ Kh8 11. Bd3 Be7 12. Ng5 g6 13. Qg4 Bxg5 14. Bxg5 Qb6 15. Qh4+ Kg8 16. Bf6 Nxf6 17. exf6 Qd4 18. Qg5 e5 19. Qh6 1-0

[Event "Quebec Khalif"]
[Site "Quebec"]
[Date "2016.03.21"]
[Round "1"]
[White "Lacerte, Kevin"]
[Black "Potvin, Alain Nicolas"]
[Result "1-0"]
[WhiteElo "1502"]
[BlackElo "1852"]
[PlyCount "63"]
[EventDate "2016.03.21"]
[EventType "tourn"]
[EventRounds "5"]
[EventCountry "CAN"]
[SourceTitle "EXT 2022"]
[Source "ChessBase"]
[SourceDate "2021.10.06"]
[SourceVersion "1"]
[SourceVersionDate "2021.10.06"]
[SourceQuality "1"]

1. e4 d6 2. d4 Nf6 3. Nc3 g6 4. f4 Bg7 5. Nf3 c5 6. d5 a6 7. a4 Qa5 8. Bd2 Qb4 9. Bd3 Qb6 10. a5 Qa7 11. Na4 Nfd7 12. c4 0-0 13. Qb3 b5 14. axb6 Qb7 15. Ba5 Re8 16. 0-0 Nf8 17. Rae1 Bd7 18. e5 Bxa4 19. Qxa4 Nbd7 20. e6 fxe6 21. dxe6 Nxb6 22. Qc2 Rab8 23. f5 d5 24. fxg6 dxc4 25. gxh7+ Kh8 26. Be4 Qc7 27. Ng5 Bd4+ 28. Kh1 Kg7 29. h8Q+ Kxh8 30. Nf7+ Kg7 31. Qe2 Nxe6 32. Qg4+ 1-0